Kroky správnym smerom

Bibliographic Details
Main Author: Guričanová, Dana (Author)
Format: Article
Language:Slovak

MARC

LEADER 00000nab a2200000ua 4500
001 vtls010830526
003 SK-MaSNL
005 20260303144858.0
008 230222s2003 xo |||||||||||||||||slo|
035 |a (urnnbn)urn:nbn:sk:snk:ar-a06h9l 
035 |a urn:nbn:sk:snk-ab5vmm 
035 |a (uuid)f7c1216a-897b-4c4a-a9c2-4e28eb42b8c9 
040 |a SNKBUCL  |b slo  |c SNKBUCL  |e AACR2 
041 0 |a slo 
044 |a xo  |c SK 
100 1 |a Guričanová, Dana  |4 aut  |9 597887 
245 1 0 |a Kroky správnym smerom  |c Dana Guričanová 
773 0 |t Sestra : odborný mesačník pre ošetrovateľstvo  |g Roč. 2, č. 5 (2003), s. 12 
954 |a odborná, vedecká literatúra pôvodná (slovenská)  |2 lita 
958 |a OND 
958 |a EUIPO 
958 |a article5 
999 |c 1999521  |d 2001451